000 00987cad a22002535a 4500
001 E151065
008 100928s2009 xxk f 100 0 eng d
020 _a9781842195192
035 _a(Sirsi) u151065
041 0 _aeng
100 1 _aBuys, Fanie
111 2 _aConstruction and Building Research Conference
_cUniversity of Cape Town
_d10-11 September 2009
245 0 0 _aComparative analysis of the performance of tertiary institutions in managing its assets
_h[electronic resource]
260 _aLondon
_bRICS
_c2009
520 _aA paper presented at the COBRA Conference in Cape Town on 10-11 September 2009.
590 _aKA
650 2 4 _aCONSTRUCTION AND BUILDING RESEARCH CONFERENCE (COBRA)
651 4 _aInternational
690 _aRefurbishment
_96264
700 1 _aCumberlege, Roy
700 1 _aCrafford, Gerrit
856 4 0 _uhttps://www.rics.org/site/scripts/download_info.aspx?fileID=4990&categoryID=524
_zView the item free of charge at www.rics.org
942 _n0
999 _c111124
_d111124